All Hamilton songs in reverse order - Statistics

General Stats
  • This quiz has been taken 1,297 times
  • The average score is 29 of 46
Answer Stats
Hint Answer % Correct
46 Who Lives Who Dies Who Tells Your Story
97%
45 The World Was Wide Enough
91%
44 Best of Wives and Best of Women
82%
43 Your Obedient Servant
79%
42 The Election of 1800
77%
41 It's Quiet Uptown
75%
40 Stay Alive (Reprise)
74%
39 Blow Us All Away
73%
38 Burn
72%
37 The Reynolds Pamphlet
72%
36 Hurricane
70%
35 We Know
70%
1 Alexander Hamilton
67%
2 Aaron Burr, Sir
66%
23 Non-Stop
66%
24 What'd I Miss
66%
25 Cabinet Battle #1
64%
3 My Shot
64%
34 The Adams Administration
64%
30 Cabinet Battle #2
63%
32 One Last Time
63%
22 Dear Theodosia
62%
27 Say No To This
62%
33 I Know Him
61%
26 Take a Break
61%
31 Washington On Your Side
61%
28 The Room Where It Happens
59%
4 The Story of Tonight
59%
10 Helpless
58%
11 Satisfied
57%
6 Farmer Refuted
56%
29 Schuyler Defeated
56%
9 A Winter's Ball
55%
8 Right Hand Man
55%
5 The Schuyler Sisters
55%
21 What Comes Next?
55%
7 You'll Be Back
55%
18 Guns and Ships
54%
16 Meet Me Inside
53%
14 Stay Alive
52%
17 That Would Be Enough
52%
12 The Story of Tonight (Reprise)
52%
19 History Has Its Eyes On You
51%
15 Ten Duel Commandments
50%
13 Wait For It
50%
20 Yorktown (The World Turned Upside Down)
46%
No matching quizzes found
Score Distribution
Percent of People with Each Score
Percentile by Number Answered
Your Score History
You have not taken this quiz